[Event "Lichtenberger Sommer 2018"]
[Site "?"]
[Date "2018.08.18"]
[Round "1.81"]
[White "Matitschka, Heinz"]
[Black "Zinnecker, Peter"]
[Result "1-0"]
[WhiteElo "1938"]
[BlackElo "1401"]
[PlyCount "61"]
[EventDate "2018.??.??"]
[WhiteTeam "TSG Oberschöneweide"]
[BlackTeam "SV Teutonia Coerde"]

1. d4 Nf6 2. c4 e6 3. Nc3 Bb4 4. e3 b6 5. Nge2 Bb7 6. a3 Be7 7. Nf4 d6 8. Be2
Nbd7 9. O-O O-O 10. f3 d5 11. Qb3 c5 12. cxd5 e5 13. dxe5 Nxe5 14. e4 a6 15.
Be3 b5 16. Rfd1 Bd6 17. Qc2 Qc7 18. Qd2 Nfd7 19. Rac1 c4 20. g3 Nc5 21. Qe1 Bc8
22. Qf2 g5 23. Ng2 Ned3 24. Bxd3 Nxd3 25. Rxd3 cxd3 26. Nxb5 Qe7 27. Nxd6 Qxd6
28. Rc6 Qe5 29. Bd4 Qb8 30. Qd2 Bd7 31. Qxg5# 1-0

[Event "Lichtenberger Sommer 2018"]
[Site "?"]
[Date "2018.08.18"]
[Round "1.82"]
[White "Stark, Steven"]
[Black "Barskij, Aleksandr"]
[Result "0-1"]
[WhiteElo "1439"]
[BlackElo "1890"]
[PlyCount "62"]
[EventDate "2018.??.??"]
[WhiteTeam "BSC Rehberge"]
[BlackTeam "SV Unna"]

1. e4 c5 2. Nf3 Nc6 3. c3 d5 4. exd5 Qxd5 5. d3 Nf6 6. Be2 Bg4 7. O-O e6 8. Ng5
Bxe2 9. Qxe2 Rd8 10. Ne4 Qxd3 11. Nxf6+ gxf6 12. Qg4 h5 13. Qg3 Qxg3 14. fxg3
Bh6 15. Na3 Ke7 16. Nc4 Bxc1 17. Raxc1 b5 18. Ne3 Rd3 19. Rfe1 Ne5 20. c4 b4
21. b3 h4 22. Rcd1 Rxd1 23. Rxd1 hxg3 24. hxg3 Rg8 25. Kf2 f5 26. Rd2 Nd7 27.
Re2 Kd6 28. Rd2+ Kc6 29. Nc2 Nf6 30. Rd1 Ne4+ 31. Kf3 Rxg3+ 0-1

[Event "Lichtenberger Sommer 2018"]
[Site "?"]
[Date "2018.08.18"]
[Round "1.83"]
[White "Alten, Silvio"]
[Black "Langner, Hans-Rainer"]
[Result "1-0"]
[WhiteElo "1899"]
[BlackElo "1603"]
[PlyCount "67"]
[EventDate "2018.??.??"]
[WhiteTeam "SV Mattnetz Berlin"]
[BlackTeam "TSV Mariendorf"]

1. e4 c5 2. d4 cxd4 3. c3 e5 4. Nf3 Nc6 5. Bc4 h6 6. O-O Nf6 7. cxd4 d6 8. Nc3
Bg4 9. Qb3 Qd7 10. dxe5 Bxf3 11. e6 fxe6 12. Bxe6 Qe7 13. gxf3 Nd4 14. Qa4+ Nc6
15. Nd5 Qd8 16. Bf5 Be7 17. Bg6+ Kf8 18. Nf4 Qd7 19. Bf5 Qe8 20. Ng6+ Kg8 21.
Qb3+ d5 22. Qxb7 Rb8 23. Qxc6 Qxc6 24. Nxe7+ Kf7 25. Nxc6 Rb6 26. Ne5+ Ke8 27.
Ng6 Rg8 28. Be3 Rc6 29. Bxa7 Rc2 30. exd5 Rxb2 31. Rfe1+ Kd8 32. Rac1 Rb8 33.
Bb6+ Rxb6 34. Rc8# 1-0

[Event "Lichtenberger Sommer 2018"]
[Site "?"]
[Date "2018.08.18"]
[Round "1.84"]
[White "Koerber, Bernhard"]
[Black "Grillich, Alexander"]
[Result "0-1"]
[WhiteElo "1552"]
[BlackElo "1941"]
[PlyCount "102"]
[EventDate "2018.??.??"]
[WhiteTeam "Lasker Steglitz-Wilmersdorf"]
[BlackTeam "SC Rochade (Berlin)"]

1. e4 c5 2. Nc3 Nc6 3. f4 d6 4. Nf3 g6 5. Bb5 Bd7 6. d3 Bg7 7. Be3 e6 8. O-O
Nge7 9. d4 cxd4 10. Nxd4 O-O 11. Qd2 a6 12. Ba4 Qc7 13. Nf3 Rfd8 14. Rab1 b5
15. Bb3 Be8 16. Qf2 Rab8 17. Ne2 Na5 18. Ned4 Nc4 19. Bxc4 bxc4 20. c3 Nc6 21.
Ng5 Nxd4 22. Bxd4 Bxd4 23. Qxd4 Qb6 24. Qxb6 Rxb6 25. Nf3 Bc6 26. Nd2 d5 27.
exd5 Bxd5 28. Rfd1 Rdb8 29. b4 cxb3 30. Nxb3 Bxb3 31. Rxb3 Rxb3 32. axb3 Rxb3
33. Rd8+ Kg7 34. Ra8 Rxc3 35. Rxa6 Rc4 36. g3 Rc2 37. Ra5 Rd2 38. Re5 Kf6 39.
Re1 h5 40. Rf1 Kf5 41. Rf2 Rxf2 42. Kxf2 g5 43. Kf3 g4+ 44. Ke3 f6 45. Kd4 e5+
46. fxe5 fxe5+ 47. Ke3 Kf6 48. Kd3 Ke7 49. Ke3 Kd6 50. Ke4 Ke6 51. Ke3 Kd5 0-1

[Event "Lichtenberger Sommer 2018"]
[Site "?"]
[Date "2018.08.18"]
[Round "1.85"]
[White "Strehlow, Horst"]
[Black "Tschirschwitz, Stephan"]
[Result "1-0"]
[WhiteElo "1981"]
[BlackElo "1530"]
[PlyCount "51"]
[EventDate "2018.??.??"]
[WhiteTeam "SG TT/WiHeil"]
[BlackTeam "Lasker Steglitz-Wilmersdorf"]

1. e4 c5 2. Nf3 Nc6 3. d4 cxd4 4. Nxd4 a6 5. c4 e6 6. Nc2 Nf6 7. Nc3 Qc7 8. Be2
Bb4 9. Nxb4 Nxb4 10. O-O h6 11. Be3 d6 12. a3 Nc6 13. Rc1 Ne5 14. f4 Ned7 15.
Bf3 Nb6 16. b3 Bd7 17. Qd2 Rd8 18. Qf2 Nc8 19. Qg3 Kf8 20. Rfd1 Bc6 21. Nd5
Bxd5 22. cxd5 Qe7 23. dxe6 Qxe6 24. e5 b6 25. Bf2 Ne8 26. Bg4 1-0

[Event "Lichtenberger Sommer 2018"]
[Site "?"]
[Date "2018.08.18"]
[Round "1.86"]
[White "Fontaine, Constantin"]
[Black "Kievelitz, Bernd"]
[Result "0-1"]
[WhiteElo "1487"]
[BlackElo "1868"]
[PlyCount "58"]
[EventDate "2018.??.??"]
[WhiteTeam "SK Tempelhof 1931"]
[BlackTeam "SC Zitadelle Spandau"]

1. e4 c5 2. Bc4 a6 3. d4 cxd4 4. Qxd4 Nc6 5. Qd1 e6 6. Nf3 b5 7. Bb3 Qc7 8. O-O
Nf6 9. Nc3 Be7 10. Re1 d6 11. Bf4 Ne5 12. Re3 O-O 13. Nxe5 dxe5 14. Bg3 Bb7 15.
Qe2 Bc5 16. Rd3 b4 17. Na4 Bxe4 18. Nxc5 Qxc5 19. Re3 Bf5 20. Bxe5 Ng4 21. Bxg7
Kxg7 22. Rg3 Kh8 23. Rxg4 Bxg4 24. Qxg4 Rg8 25. Qe4 Rad8 26. c4 bxc3 27. Bc2
Rg6 28. Qh4 Qd5 29. Be4 Qd1+ 0-1

[Event "Lichtenberger Sommer 2018"]
[Site "?"]
[Date "2018.08.18"]
[Round "1.87"]
[White "Spors, Carl Philip"]
[Black "Kirves, Martin"]
[Result "1-0"]
[WhiteElo "1902"]
[BlackElo "1332"]
[PlyCount "50"]
[EventDate "2018.??.??"]
[WhiteTeam "Lasker Steglitz-Wilmersdorf"]
[BlackTeam "BSC Rehberge"]

1. e4 e6 2. d4 d5 3. Nc3 Nf6 4. e5 Nfd7 5. f4 c5 6. Nf3 Nc6 7. Be3 a6 8. Qd2
Be7 9. Bd3 c4 10. Be2 O-O 11. f5 Bb4 12. Bg5 f6 13. fxe6 fxg5 14. exd7 Bxd7 15.
a3 g4 16. axb4 gxf3 17. Bxf3 Qh4+ 18. g3 Qxd4 19. Qxd4 Nxd4 20. Bxd5+ Kh8 21.
O-O-O Nc6 22. e6 Be8 23. Bxc4 Nxb4 24. e7 Rf2 25. Rd8 Rxc2+ 1-0

[Event "Lichtenberger Sommer 2018"]
[Site "?"]
[Date "2018.08.18"]
[Round "1.88"]
[White "Jiranek, Benno"]
[Black "Lehmkuhl, Stefan"]
[Result "0-1"]
[WhiteElo "1469"]
[BlackElo "1892"]
[PlyCount "80"]
[EventDate "2018.??.??"]
[WhiteTeam "SC Kreuzberg"]
[BlackTeam "Breloher SC"]

1. d4 Nf6 2. c4 c5 3. d5 Ne4 4. Nf3 Qa5+ 5. Nbd2 d6 6. e3 a6 7. Be2 g6 8. O-O
Nf6 9. b3 Bg7 10. Bb2 O-O 11. e4 Nbd7 12. e5 dxe5 13. Nxe5 Rd8 14. Nxd7 Bxd7
15. Bd3 Qc7 16. Nf3 b5 17. Rb1 bxc4 18. bxc4 Qa5 19. Ra1 e6 20. Qc2 Ba4 21. Bc3
Bxc2 22. Bxa5 Bxd3 23. Rfd1 Be2 24. Rd2 Bxf3 25. Bxd8 Rxd8 26. gxf3 exd5 27.
cxd5 Ne4 28. fxe4 Bxa1 29. f4 f5 30. e5 Bd4+ 31. Kg2 Rxd5 32. Kf3 Kf7 33. h4
Ke6 34. Rd3 Bxe5 35. Rb3 Bd6 36. Rb6 Rd3+ 37. Ke2 Ra3 38. Rb2 Bxf4 39. Kd1 Be5
40. Re2 h6 0-1

[Event "Lichtenberger Sommer 2018"]
[Site "?"]
[Date "2018.08.18"]
[Round "1.89"]
[White "Guder, Sibylle"]
[Black "Abraham, Helmut"]
[Result "1/2-1/2"]
[WhiteElo "1794"]
[BlackElo "1461"]
[PlyCount "138"]
[EventDate "2018.??.??"]
[WhiteTeam "SF 1903 Berlin"]
[BlackTeam "SC Kreuzberg"]

1. e4 c5 2. Nc3 e6 3. f4 Nc6 4. Bb5 a6 5. Bxc6 bxc6 6. d3 d5 7. Nf3 Nf6 8. O-O
Be7 9. Qe1 O-O 10. Qg3 Nh5 11. Qf2 f5 12. e5 Rb8 13. Na4 Rb4 14. Nxc5 Nxf4 15.
a3 Rb5 16. Bxf4 Bxc5 17. d4 Be7 18. b4 a5 19. c3 Ba6 20. h4 Rb7 21. Rfd1 Bc4
22. g3 h6 23. Qd2 Kh7 24. Kf2 Rg8 25. Rh1 h5 26. Rhb1 a4 27. Rb2 Bb5 28. Qe3
Bc4 29. Bg5 g6 30. Rc1 Qf8 31. Bxe7 Rxe7 32. Nd2 Rf7 33. Qf4 Qh6 34. Qxh6+ Kxh6
35. Nxc4 dxc4 36. Ke3 Rb7 37. b5 Rxb5 38. Rxb5 cxb5 39. Rb1 Rb8 40. Kf4 Rb6 41.
Rb4 Kg7 42. Ke3 Kh6 43. d5 exd5 44. Kd4 g5 45. hxg5+ Kxg5 46. Kxd5 f4 47. gxf4+
Kxf4 48. e6 Kf5 49. e7 Re6 50. Rxb5 Rxe7 51. Kxc4+ Re5 52. Rb8 h4 53. Kd4 Re2
54. Kc4 h3 55. Rh8 Kg4 56. Kb5 h2 57. Kxa4 Re4+ 58. Kb5 Kg3 59. Rxh2 Kxh2 60.
c4 Re3 61. a4 Rb3+ 62. Kc5 Kg3 63. a5 Kf4 64. a6 Ke5 65. a7 Ra3 66. Kb6 Kd6 67.
c5+ Kd5 68. c6 Rxa7 69. Kxa7 Kxc6 1/2-1/2

[Event "Lichtenberger Sommer 2018"]
[Site "?"]
[Date "2018.08.18"]
[Round "1.90"]
[White "Jouani, Zakharia"]
[Black "Miowitz, Torsten"]
[Result "0-1"]
[WhiteElo "1243"]
[BlackElo "1858"]
[PlyCount "66"]
[EventDate "2018.??.??"]
[WhiteTeam "SK Zehlendorf"]
[BlackTeam "Lasker Steglitz-Wilmersdorf"]

1. e4 c6 2. d4 d5 3. Nc3 dxe4 4. Nxe4 Bf5 5. Ng3 Bg6 6. h4 h6 7. h5 Bh7 8. Nf3
Nd7 9. Be3 e6 10. Bd3 Bxd3 11. Qxd3 Ngf6 12. O-O-O Be7 13. a3 O-O 14. Qd2 Ng4
15. Bf4 Ndf6 16. Qe2 Nd5 17. Bd2 b5 18. Nh4 Nxf2 19. Qxf2 Bxh4 20. Qf3 Bg5 21.
Bxg5 Qxg5+ 22. Kb1 Qe3 23. Rd3 Qxf3 24. Rxf3 Nf6 25. Rc3 Rac8 26. Rh4 Rfd8 27.
Ne4 Nxe4 28. Rxe4 Rd5 29. g4 c5 30. b4 c4 31. Kc1 Rcd8 32. Rce3 Rxd4 33. c3
Rd1+ 0-1

[Event "Lichtenberger Sommer 2018"]
[Site "?"]
[Date "2018.08.18"]
[Round "1.91"]
[White "Dreke, Frank"]
[Black "Torosyan, Bagrat"]
[Result "1-0"]
[WhiteElo "1932"]
[BlackElo "1309"]
[PlyCount "53"]
[EventDate "2018.??.??"]
[WhiteTeam "SV Mattnetz Berlin"]
[BlackTeam "Schachpinguine Berlin"]

1. e4 c6 2. c4 d6 3. d4 Nf6 4. Nc3 Na6 5. Be2 c5 6. d5 e6 7. f4 exd5 8. cxd5
Nc7 9. Nf3 g6 10. O-O Bg7 11. e5 dxe5 12. d6 Ne6 13. fxe5 Nd7 14. Nd5 Nxe5 15.
Bb5+ Bd7 16. Nxe5 Bxe5 17. Qf3 O-O 18. Bxd7 Qxd7 19. Bh6 Rfe8 20. Nf6+ Bxf6 21.
Qxf6 Rf8 22. Rae1 Rfe8 23. Re3 b6 24. h4 Rab8 25. h5 Rb7 26. hxg6 fxg6 27. Rxe6
1-0

[Event "Lichtenberger Sommer 2018"]
[Site "?"]
[Date "2018.08.18"]
[Round "1.92"]
[White "Kossueva, Fatima"]
[Black "Bruening, Wolfgang"]
[Result "0-1"]
[WhiteElo "1365"]
[BlackElo "1841"]
[PlyCount "52"]
[EventDate "2018.??.??"]
[WhiteTeam "SC Friesen Lichtenberg"]
[BlackTeam "vereinslos"]

1. e4 e6 2. d4 d5 3. Nc3 dxe4 4. Nxe4 Nd7 5. Nf3 Ngf6 6. Bd3 Be7 7. c3 Nxe4 8.
Bxe4 Nf6 9. Bc2 c5 10. Bf4 cxd4 11. Qxd4 Qxd4 12. Nxd4 Bd7 13. O-O O-O 14. Rfe1
Rfd8 15. Rad1 Rac8 16. Nf3 Bc6 17. Ne5 Bd5 18. Be3 b6 19. Bb1 Bd6 20. Bd4 Bb7
21. Bd3 Bc7 22. a4 a6 23. b4 h6 24. c4 Kf8 25. Bc3 Ke7 26. f4 g6 0-1

[Event "Lichtenberger Sommer 2018"]
[Site "?"]
[Date "2018.08.18"]
[Round "1.93"]
[White "Lichii, Elizaveta"]
[Black "Franke, Lukas"]
[Result "1-0"]
[WhiteElo "1807"]
[BlackElo "1287"]
[PlyCount "43"]
[EventDate "2018.??.??"]
[WhiteTeam "vereinslos"]
[BlackTeam "Königsjäger Süd-West"]

1. e4 d6 2. d4 Nf6 3. Nc3 Nbd7 4. Nf3 e5 5. Bc4 Be7 6. Ng5 O-O 7. O-O c6 8. a4
b6 9. Re1 h6 10. Nf3 Bb7 11. d5 Qc7 12. b3 Rfe8 13. Bb2 Nf8 14. g3 Ng6 15. Nd2
Qc8 16. Nf1 Qh3 17. Ne3 Bc8 18. Bf1 Qd7 19. dxc6 Qc7 20. Ncd5 Nxd5 21. Nxd5 Qd8
22. c7 1-0

[Event "Lichtenberger Sommer 2018"]
[Site "?"]
[Date "2018.08.18"]
[Round "1.94"]
[White "Paris, Gerhard"]
[Black "Bender, Sebastian"]
[Result "0-1"]
[WhiteElo "1455"]
[BlackElo "1896"]
[PlyCount "120"]
[EventDate "2018.??.??"]
[WhiteTeam "TSG Oberschöneweide"]
[BlackTeam "SC Zugzwang 95 (Berlin)"]

1. e4 c5 2. Nc3 Nc6 3. g3 g6 4. Bg2 Bg7 5. d3 e6 6. Be3 d6 7. Qd2 Rb8 8. Nf3 b5
9. Nd1 b4 10. Rb1 Qa5 11. Qc1 Nge7 12. O-O e5 13. Bd2 Qxa2 14. b3 Qa6 15. Bh6
O-O 16. Bxg7 Kxg7 17. Ne3 Nd4 18. Nxd4 cxd4 19. Nc4 Rd8 20. Ra1 Qb7 21. h4 h5
22. f4 f6 23. Qd1 d5 24. exd5 Nxd5 25. fxe5 f5 26. Qd2 Qc7 27. Qg5 Ne3 28. Nxe3
dxe3 29. Qf6+ Kh7 30. Rac1 Rb6 31. Qg5 Re8 32. d4 Qc3 33. Rfe1 Qxd4 34. Qxe3
Qxe3+ 35. Rxe3 Re7 36. Bd5 Rb5 37. Bc4 Rbxe5 38. Rxe5 Rxe5 39. Kf2 Kg7 40. Rd1
Kf6 41. Rd6+ Kg7 42. Rd8 Rc5 43. Bd3 Be6 44. Ra8 a5 45. Ra7+ Kf6 46. Ra6 Ke7
47. Ra7+ Bd7 48. Ra6 Bc6 49. Ra7+ Kf6 50. Bc4 Bd5 51. Ra6+ Rc6 52. Rxa5 Bxc4
53. bxc4 Rxc4 54. Ra6+ Kf7 55. Rb6 Rxc2+ 56. Ke3 Rc4 57. Kd3 Re4 58. Kc2 Rg4
59. Kb3 Rxg3+ 60. Kxb4 Rg4+ 0-1

[Event "Lichtenberger Sommer 2018"]
[Site "?"]
[Date "2018.08.18"]
[Round "1.96"]
[White "Schubert, Vincent"]
[Black "Bauder, Herbert"]
[Result "0-1"]
[WhiteElo "1296"]
[BlackElo "1886"]
[PlyCount "54"]
[EventDate "2018.??.??"]
[WhiteTeam "Borussia Lichtenberg"]
[BlackTeam "Lasker Steglitz-Wilmersdorf"]

1. d4 Nf6 2. c4 g6 3. Nc3 Bg7 4. e4 d6 5. f4 O-O 6. Nf3 c5 7. Be3 Qa5 8. e5 Ng4
9. Qe2 Nxe3 10. Qxe3 cxd4 11. Qxd4 Nc6 12. Qe3 dxe5 13. Nxe5 Nxe5 14. fxe5 Qxe5
15. Qxe5 Bxe5 16. Rc1 Be6 17. Be2 Rac8 18. b3 Rfd8 19. O-O Rd2 20. Bf3 b6 21.
a4 Bd4+ 22. Kh1 Bxc3 23. Rxc3 Rcd8 24. Rcc1 R8d3 25. Rfd1 Rxd1+ 26. Bxd1 Bf5
27. Bc2 Rc3 0-1

[Event "Lichtenberger Sommer 2018"]
[Site "?"]
[Date "2018.08.18"]
[Round "1.97"]
[White "Otter, Nils"]
[Black "Geist, Wolfgang"]
[Result "1-0"]
[WhiteElo "1794"]
[BlackElo "1416"]
[PlyCount "57"]
[EventDate "2018.??.??"]
[WhiteTeam "SC Kreuzberg"]
[BlackTeam "SC Weisse Dame (Berlin)"]

1. e4 d5 2. exd5 Nf6 3. Nf3 Nxd5 4. d4 e6 5. Be2 Be7 6. O-O O-O 7. c4 Nf6 8.
Nc3 c6 9. Bf4 Nbd7 10. Qc2 Re8 11. Rfd1 Nf8 12. h3 Ng6 13. Bh2 Bd6 14. Ne5 Qc7
15. f4 Nd7 16. Ne4 Ndxe5 17. fxe5 Be7 18. Rac1 Bd7 19. Bg4 Rad8 20. Qf2 Rf8 21.
a3 Bh4 22. g3 Be7 23. Be2 Bc8 24. h4 Nh8 25. g4 Rd7 26. g5 Qd8 27. Nf6+ Bxf6
28. gxf6 g6 29. Qe3 1-0

[Event "Lichtenberger Sommer 2018"]
[Site "?"]
[Date "2018.08.18"]
[Round "1.98"]
[White "Ruddat, Jarne"]
[Black "Schönberger, Kay"]
[Result "0-1"]
[WhiteElo "1347"]
[BlackElo "1889"]
[PlyCount "138"]
[EventDate "2018.??.??"]
[WhiteTeam "SV Rüdersdorf"]
[BlackTeam "SV Koblenz"]

1. e4 c5 2. Nf3 d6 3. d4 cxd4 4. Nxd4 Nf6 5. Nc3 a6 6. Be3 e5 7. Nf3 Qc7 8. Be2
Be7 9. O-O O-O 10. Qd2 b5 11. Rfd1 Bb7 12. Bg5 Rd8 13. Bxf6 Bxf6 14. Nd5 Bxd5
15. Qxd5 Nc6 16. b3 Ne7 17. Qd2 d5 18. Qe3 d4 19. Qd3 Ng6 20. Ne1 Nf4 21. Qd2
Bg5 22. Kf1 Rac8 23. g3 Ne6 24. Qd3 Qb7 25. Bg4 Rc3 26. Qe2 Nc5 27. Bf3 Rc8 28.
h4 Bh6 29. b4 Na4 30. Rab1 Ra3 31. Bg4 Rc7 32. Rb3 Rxb3 33. cxb3 Nc3 34. Qd3
Nxd1 35. Qxd1 Qxe4 36. Bf3 Qf5 37. g4 Qf6 38. g5 Bxg5 39. hxg5 Qxg5 40. Qe2 Qe7
41. Qe4 g6 42. Nd3 Kg7 43. Qxe5+ Qxe5 44. Nxe5 Rc2 45. Nc6 d3 46. Nb8 Rc1+ 47.
Kg2 d2 48. Nxa6 d1=Q 49. Bxd1 Rxd1 50. Nc7 Ra1 51. Nxb5 Rxa2 52. Nd4 Rd2 53.
Nf3 Rd3 54. Kg3 Rxb3 55. Kg4 Rxb4+ 56. Kg3 Rb3 57. Kg4 Rxf3 58. Kxf3 Kf6 59.
Kf4 h5 60. Kg3 Kg5 61. f3 f5 62. Kg2 Kf4 63. Kf2 g5 64. Kg2 g4 65. fxg4 hxg4
66. Kf2 g3+ 67. Kg2 Ke3 68. Kxg3 f4+ 69. Kg2 Ke2 0-1

[Event "Lichtenberger Sommer 2018"]
[Site "?"]
[Date "2018.08.18"]
[Round "1.99"]
[White "Korell, Klaus-Peter"]
[Black "Vollmar, Timo"]
[Result "1/2-1/2"]
[WhiteElo "1847"]
[BlackElo "1477"]
[PlyCount "94"]
[EventDate "2018.??.??"]
[WhiteTeam "SG TT/Wiheil"]
[BlackTeam "BSV 63 Chemie Weißensee"]

1. d4 d5 2. c4 e6 3. Nf3 c6 4. e3 Nf6 5. Bd3 dxc4 6. Bxc4 b5 7. Bd3 Bb7 8. O-O
Nbd7 9. Nc3 Bd6 10. e4 e5 11. dxe5 Nxe5 12. Nxe5 Bxe5 13. Be3 Qc7 14. g3 O-O
15. Rc1 Rad8 16. Qe2 Rfe8 17. Bb1 a6 18. f3 Bd4 19. Rfd1 Qb6 20. Rxd4 Rxd4 21.
Qf2 c5 22. Ne2 Rc4 23. Re1 Rd8 24. b3 Rcd4 25. Nxd4 cxd4 26. Bc1 Nd7 27. Bb2
Nb8 28. Rd1 Nc6 29. Kg2 Kf8 30. Qd2 Ke7 31. Qg5+ Kf8 32. Qh5 h6 33. Qf5 Ne7 34.
Qf4 Nc6 35. e5 Bc8 36. Be4 Qc5 37. Bxc6 Qxc6 38. Ba3+ Ke8 39. Bd6 Qc2+ 40. Rd2
Qc3 41. Qxd4 Qxd4 42. Rxd4 Be6 43. f4 Bf5 44. Kf3 Rc8 45. Rd2 Rc3+ 46. Kf2 Bc2
47. Rxc2 Rxc2+ 1/2-1/2

[Event "Lichtenberger Sommer 2018"]
[Site "?"]
[Date "2018.08.18"]
[Round "1.100"]
[White "Morczynski, Ryszard"]
[Black "Hoffmann, Rainer"]
[Result "0-1"]
[WhiteElo "1284"]
[BlackElo "1950"]
[PlyCount "116"]
[EventDate "2018.??.??"]
[WhiteTeam "SK Zehlendorf"]
[BlackTeam "SV Oberkrämer"]

1. e4 c5 2. Nf3 Nc6 3. Bb5 d6 4. c3 Nf6 5. Qe2 e5 6. h3 Bd7 7. O-O Be7 8. d3 a6
9. Ba4 O-O 10. Nbd2 Re8 11. Re1 b5 12. Bc2 Rc8 13. Nf1 Bf8 14. N3h2 h6 15. Ng3
g6 16. Ng4 Nxg4 17. hxg4 Qh4 18. Bd1 Bg7 19. Nh1 f5 20. f3 fxg4 21. g3 gxf3 22.
Qxf3 Qe7 23. Nf2 Rf8 24. Qh1 h5 25. Kg2 Rf7 26. Nh3 Rcf8 27. Be3 Bf6 28. Bh6
Bg7 29. Bb3 Be6 30. Bxe6 Qxe6 31. Be3 Bf6 32. Bg5 Bxg5 33. Nxg5 Rf2+ 34. Kg1
Qf6 35. Nh3 Rxb2 36. Rf1 Qxf1+ 37. Rxf1 Rxf1+ 38. Kxf1 Rb1+ 39. Kg2 Rxh1 40.
Kxh1 b4 41. cxb4 Nxb4 42. Nf2 Nxa2 43. Kg1 Kf7 44. Kf1 Ke6 45. Nd1 d5 46. Ke2
g5 47. Kd2 Nb4 48. Nb2 h4 49. gxh4 gxh4 50. Ke2 a5 51. Kf3 a4 52. Nxa4 Nxd3 53.
exd5+ Kxd5 54. Nc3+ Kc4 55. Ne2 Nf4 56. Nxf4 exf4 57. Kxf4 Kd3 58. Kg4 c4 0-1

[Event "Lichtenberger Sommer 2018"]
[Site "?"]
[Date "2018.08.18"]
[Round "1.101"]
[White "Neuwald, Volker"]
[Black "Eichstädt, Torsten"]
[Result "1-0"]
[WhiteElo "1786"]
[BlackElo "1361"]
[PlyCount "73"]
[EventDate "2018.??.??"]
[WhiteTeam "SK Ottenau"]
[BlackTeam "SC Friesen Lichtenberg"]

1. c4 Nf6 2. Nc3 e5 3. Nf3 Nc6 4. g3 d5 5. cxd5 Nxd5 6. Bg2 Be7 7. Qb3 Be6 8.
O-O Nxc3 9. Qxc3 Nd4 10. Nxd4 exd4 11. Qd3 c6 12. b3 Qb6 13. Bb2 Rd8 14. Rfc1
O-O 15. Be4 f5 16. Bg2 c5 17. Rc2 Bd5 18. Bxd5+ Rxd5 19. Qc4 Qc6 20. Qd3 b5 21.
Bxd4 f4 22. Qe4 fxg3 23. hxg3 Qd7 24. Be3 Rh5 25. Qg2 a6 26. Rac1 c4 27. bxc4
Ba3 28. Rb1 Rf6 29. cxb5 Rxb5 30. Rxb5 Qxb5 31. Rc8+ Bf8 32. d3 Qb1+ 33. Kh2
Qxa2 34. Qf1 Qe6 35. Qc1 h5 36. Qc4 Kf7 37. Rc7+ 1-0

[Event "Lichtenberger Sommer 2018"]
[Site "?"]
[Date "2018.08.18"]
[Round "1.102"]
[White "Ruddat, Mathias"]
[Black "Namestnikov, Boris"]
[Result "0-1"]
[WhiteElo "1399"]
[BlackElo "1916"]
[PlyCount "54"]
[EventDate "2018.??.??"]
[WhiteTeam "SV Rüdersdorf"]
[BlackTeam "SK Zehlendorf"]

1. e4 e6 2. d4 d5 3. exd5 exd5 4. Nf3 Nf6 5. Be3 Bd6 6. Nc3 c6 7. Be2 O-O 8.
O-O Re8 9. Qd2 Qc7 10. h3 Bf5 11. Bh6 gxh6 12. Qxh6 Bg6 13. Bd3 Nbd7 14. Rfe1
Bf8 15. Qg5 Bg7 16. Bxg6 hxg6 17. Re2 Rxe2 18. Nxe2 Re8 19. Ng3 Ne4 20. Nxe4
Rxe4 21. c3 Bf6 22. Qh6 Qd8 23. g4 Qe7 24. Kg2 Nf8 25. Kf1 Ne6 26. Re1 Rxe1+
27. Nxe1 Bg5 0-1

[Event "Lichtenberger Sommer 2018"]
[Site "?"]
[Date "2018.08.18"]
[Round "1.103"]
[White "Fock, Amina"]
[Black "Dittrich, Hans-Jürgen"]
[Result "1-0"]
[WhiteElo "1824"]
[BlackElo "1307"]
[PlyCount "27"]
[EventDate "2018.??.??"]
[WhiteTeam "SC Zugzwang 95 (Berlin)"]
[BlackTeam "SC Eintracht Berlin"]

1. e4 e6 2. d4 d5 3. Nd2 Be7 4. c3 Nf6 5. e5 Nfd7 6. Bd3 c5 7. Ne2 c4 8. Bc2 b5
9. f4 Nb6 10. Nf3 f6 11. exf6 gxf6 12. Ng3 f5 13. Ne5 N8d7 14. Qh5+ 1-0

[Event "Lichtenberger Sommer 2018"]
[Site "?"]
[Date "2018.08.18"]
[Round "1.104"]
[White "Motsch, Sebastian"]
[Black "Ziems, Michael"]
[Result "0-1"]
[WhiteElo "1292"]
[BlackElo "1813"]
[PlyCount "89"]
[EventDate "2018.??.??"]
[WhiteTeam "vereinslos"]
[BlackTeam "SV Empor Berlin"]

1. e4 e6 2. Nf3 d5 3. exd5 exd5 4. d4 Nf6 5. Nc3 Be7 6. Be2 c6 7. O-O O-O 8.
Bg5 Bf5 9. Bd3 Bg4 10. Bxf6 Bxf6 11. Be2 Nd7 12. Qd3 g6 13. Nd1 Bf5 14. Qd2 Re8
15. Re1 Nf8 16. c3 Qd6 17. Ne3 Bd7 18. h3 Ne6 19. Ng4 Bg7 20. Nfe5 Re7 21. Nh6+
Kf8 22. Nhxf7 Rxf7 23. Nxf7 Kxf7 24. Bg4 Rf8 25. Re3 Kg8 26. Rae1 Bh6 27. Bxe6+
Bxe6 28. Qe2 Bxe3 29. Qxe3 Bd7 30. Qg5 Qf4 31. Qxf4 Rxf4 32. Re7 Rf7 33. Rxf7
Kxf7 34. Kf1 Kf6 35. Ke2 Kf5 36. Kf3 h5 37. g4+ hxg4+ 38. hxg4+ Kg5 39. Kg3
Bxg4 40. a3 Bd1 41. Kg2 Kf4 42. Kf1 Kf3 43. Ke1 Bb3 44. Kf1 Bc4+ 45. Kg1 0-1

[Event "Lichtenberger Sommer 2018"]
[Site "?"]
[Date "2018.08.18"]
[Round "1.105"]
[White "Kromer, Thomas"]
[Black "Nguyen, Phuc Nhat"]
[Result "1-0"]
[WhiteElo "1839"]
[BlackElo "1255"]
[PlyCount "41"]
[EventDate "2018.??.??"]
[WhiteTeam "SF Riedlingen"]
[BlackTeam "SC Zugzwang 95 (Berlin)"]

1. e4 e5 2. Nf3 Nf6 3. Nxe5 Qe7 4. Nf3 Nxe4 5. Be2 d5 6. d3 Nf6 7. O-O Nc6 8.
Nc3 Qd8 9. Bf4 Bc5 10. d4 Bb6 11. Na4 O-O 12. Nxb6 axb6 13. Bg5 h6 14. Bxf6
Qxf6 15. c3 Qg6 16. Bd3 Bf5 17. Nh4 Bg4 18. Nxg6 Bxd1 19. Nxf8 Rxf8 20. Raxd1
Ne7 21. Rfe1 1-0

[Event "Lichtenberger Sommer 2018"]
[Site "?"]
[Date "2018.08.18"]
[Round "1.106"]
[White "Zoller, Julia"]
[Black "Kretzschmar, Jan"]
[Result "0-1"]
[WhiteElo "854"]
[BlackElo "1817"]
[PlyCount "60"]
[EventDate "2018.??.??"]
[WhiteTeam "SC Friesen Lichtenberg"]
[BlackTeam "SC Kreuzberg"]

1. e4 c5 2. Nc3 e6 3. Nf3 a6 4. Be2 Nc6 5. O-O Qc7 6. d3 Be7 7. Be3 Nf6 8. d4
cxd4 9. Nxd4 O-O 10. Bd3 Nxd4 11. Bxd4 e5 12. Be3 h6 13. Nd5 Nxd5 14. exd5 f5
15. Bc4 Qxc4 16. b3 Qg4 17. f3 Qg6 18. Re1 d6 19. c4 f4 20. Bf2 Bh3 21. g3 fxg3
22. hxg3 h5 23. Kh2 Bf5 24. Rg1 Rf7 25. Qe2 Raf8 26. Raf1 Bd3 27. Qe1 Bxf1 28.
Qxf1 Rxf3 29. Rg2 Qf5 30. Kg1 e4 0-1

[Event "Lichtenberger Sommer 2018"]
[Site "?"]
[Date "2018.08.19"]
[Round "2.1"]
[White "Schäfer, Heiko"]
[Black "Stern, René"]
[Result "0-1"]
[WhiteElo "1978"]
[BlackElo "2519"]
[PlyCount "54"]
[EventDate "2018.??.??"]
[WhiteTeam "Potsdamer SV"]
[BlackTeam "SK König Tegel"]

1. Nf3 d5 2. g3 Nf6 3. Bg2 Nbd7 4. d4 e6 5. O-O b5 6. a4 b4 7. c4 Bb7 8. a5
dxc4 9. Qa4 c5 10. dxc5 Bxc5 11. Rd1 Qc7 12. Bf4 Qc6 13. Qxc6 Bxc6 14. Nbd2 Ng4
15. e3 e5 16. Bg5 f6 17. h3 Nxf2 18. Kxf2 fxg5 19. Nxc4 O-O 20. Ke2 Nf6 21.
Ncxe5 Bb5+ 22. Ke1 Rae8 23. Nd4 Rxe5 24. Nxb5 Bxe3 25. Bc6 Bc1+ 26. Kf1 Ng4+
27. Kg1 Be3+ 0-1

[Event "Lichtenberger Sommer 2018"]
[Site "?"]
[Date "2018.08.19"]
[Round "2.2"]
[White "Berger, Steve"]
[Black "Kornrumpf, Joachim"]
[Result "1-0"]
[WhiteElo "2428"]
[BlackElo "2062"]
[PlyCount "53"]
[EventDate "2018.??.??"]
[WhiteTeam "SK König Tegel"]
[BlackTeam "Preetzer TSV"]

1. e4 c5 2. Nc3 e6 3. Nge2 a6 4. g3 Nc6 5. Bg2 g6 6. d4 cxd4 7. Nxd4 Bg7 8.
Nxc6 bxc6 9. Qd6 Ne7 10. O-O O-O 11. Rd1 Re8 12. Bf4 Qa5 13. Qd2 Qb6 14. Rab1
d5 15. Na4 Qb5 16. b3 e5 17. Bh6 Be6 18. Bxg7 Kxg7 19. exd5 cxd5 20. c4 dxc4
21. Bxa8 Rxa8 22. Nc3 Qc6 23. bxc4 Qxc4 24. Qe3 Nc6 25. Rbc1 Rc8 26. Nd5 Qa4
27. Nb6 1-0